000 00501nam a2200193Ia 4500
003 GCL
008 140319s9999 xx 000 0 eng d
040 _aGCL /
_cGCL
082 0 4 _aCC
_b962.02
_bH U
100 1 _aHENRY, FRANCOIS XAVIER
245 1 0 _aL'UNIVERS DE L'EGYPTE: REVELE PAR BONAPARTE /
_cHENRY, FRANCOIS XAVIER
700 1 _aENEL, THIERRY
260 _a[S.N] :
_bEDISUD ،
_c1992
300 _a137 P
650 0 4 _aBONAPARTE
650 0 4 _aEGYPT
650 0 4 _aHISTORY
942 _2ddc
_cBK
999 _c25058
_d25058